=LDR 00000nam 2200000 4500 =001 INLIS000000000029441 =005 20130612131656 =008 ***********************************ind** =035 ##$$0010-061300000029441 =041 ##$$a ind =082 ##$$a 632.2 =090 ##$$a 632.2, MUR p =100 ##$$a Murtidjo, Bambang Agus =245 ##$$a Pedoman meramu pakan unggas, Bambang Agus Murtidjo =260 ##$$a 1987 $b Yogyakarta =300 ##$$a 88 hlm., ilus., 21 cm =650 ##$$a Pakan Unggas =850 ##$$a NBPNMAT